000 01083nam a2200229Ia 4500
999 _c56415
_d56415
001 23528
003 GE_BSU
005 20260223121446.0
008 181216s1988||||ge |||||||||||||| ||geo||
040 _cGE_BSU
041 _ageo
080 _a94(100)"1918/..."(075.8) უ-15
245 _aუახლესი ისტორია, 1918-1945 წ.წ. :
_bნაკვ. 1 სახელმძღვ. უმაღლ. სასწ. ისტორიის ფაკ-ტის სტუდ. /
_cრედ.: კ. ანთაძე, გ. ბოლოთაშვილი.
264 _aთბილისი :
_bთბილ. უნ-ტის გამ-ბა,
_c1988.
300 _a502 გვ. ;
_c22 სმ.
504 _aბიბლიოგრ. : გვ. 478-501
541 _h1ლ. 50თ.
653 _aუახლესი ისტორია, 1918-1945 წ.წ. : ნაკვ. 1
700 _aანთაძე, კ.
_eრედაქტორი
_91538
700 _aბოლოთაშვილი, გ.
_eრედაქტორი
_926948
942 _cBK
_2udc